| 000 | 00560nam a22001695i 4500 | ||
|---|---|---|---|
| 001 | 161257 | ||
| 003 | ES-MaACL | ||
| 005 | 20231228063240.0 | ||
| 008 | 990414s1889 sp |||| | spa d | ||
| 040 |
_aCCPB | B _bspa _cCCPB | B |
||
| 100 | 1 |
_aPalacio, Manuel del, _d1831-1906 _988370 |
|
| 245 | 1 | 3 |
_aEl niño de nieve _b: cuento árabe / _cManuel del Palacio. |
| 260 |
_aMadrid : _bLibrería de Fernando Fé, _c1889. |
||
| 300 |
_a38 p. ; _c18 cm. |
||
| 852 |
_aES-MaACL _jL-4898(5-5) _z-- Enc. hol. _z-- Donativo Roda |
||
| 999 |
_c161257 _d161257 |
||